|
|
|
|
| LEADER |
00749nam a22002412a 4500 |
| 001 |
001714757 |
| 003 |
CZ BrMZK |
| 005 |
20191218150040.0 |
| 007 |
ta |
| 008 |
191104s1951 xo er|||||||||||slo d |
| 040 |
|
|
|a ABA001
|b cze
|c ABA001
|d ABA001
|d BOA001
|
| 245 |
0 |
0 |
|a Organizačný poriadok ČSM prijatý Sjazdom ČSM 1950 /
|c šéfredaktor Lýdia Jurajová
|
| 250 |
|
|
|a Vyd. 1.
|
| 260 |
|
|
|a Bratislava :
|b Smena,
|c 1951
|
| 300 |
|
|
|a 48 s. ;
|c 8°
|
| 490 |
1 |
|
|a Edícia SÚV ČSM ;
|v sv. 25
|
| 500 |
|
|
|a 13500 výt.
|
| 700 |
1 |
|
|a Jurajová, Lýdia
|4 edt
|
| 830 |
|
0 |
|a Edícia SÚV ČSM
|
| 910 |
|
|
|a BOA001
|b X-0268.352
|
| 990 |
|
|
|a BK
|
| 991 |
|
|
|b 201911
|
| 996 |
7 |
|
|b 2618818048
|c X-0268.352
|l MZK
|r Sklad / do 24 hodin
|n 0
|w 001765006
|u 000010
|a 1
|e BOA001
|j MZK50
|s A
|